000 00381nam a2200133Ia 4500
008 230413s9999||||xx |||||||||||||| ||und||
020 _a9781119529392
082 _a650.076
_bG733
100 _aGraduate Management Admission Council
245 0 _aGMAT official guide verbal review 2019
260 _a New Jersey
_bJohn Wiley & Sons, Inc.
_c2018
300 _av, 381 p.
942 _cBK
999 _c26260
_d26260